| 000 | 00399pab a2200157 454500 | ||
|---|---|---|---|
| 008 | 180718b2002 xxu||||| |||| 00| 0 eng d | ||
| 100 | _aJamode, A.V. | ||
| 245 | _aTeacher student relation for better campus environment | ||
| 260 | _c2002 | ||
| 300 | _ap.8-10. | ||
| 362 | _a25 Mar | ||
| 650 | _aTeachers | ||
| 650 | _aStudent teacher relationship | ||
| 773 | _aUniversity News | ||
| 909 | _a51907 | ||
| 999 |
_c51907 _d51907 |
||